000 00639nam a2200181Ia 4500
008 151018s9999 xx 000 0 und d
082 _bRBASDV43513
_a294.59
100 _aयशश्री भवाळकर
245 _aश्रीसमर्थ प्रेरणा
250 _b1
260 _bऋचा प्रकाशन मुंबई
_c2006
300 _a62
600 _aयशश्री भवाळकर
630 _aश्रीसमर्थ प्रेरणा
700 _aयशश्री भवाळकर
730 _aश्रीसमर्थ प्रेरणा
942 _cBOOK
999 _c1042727
_d1042724